The handbook of experimental economics
Αποθηκεύτηκε σε:
| Άλλοι συγγραφείς: | , |
|---|---|
| Μορφή: | Βιβλίο |
| Γλώσσα: | English |
| Δημοσίευση: |
Princeton, N.J. :
Princeton University Press,
c1995.
|
| Θέματα: | |
| Ετικέτες: |
Προσθήκη ετικέτας
Δεν υπάρχουν, Καταχωρήστε ετικέτα πρώτοι!
|
MARC
| LEADER | 00000cam a2200000 i 4500 | ||
|---|---|---|---|
| 001 | 1/24746 | ||
| 008 | 130121s1995 nju ||| | eng|| | ||
| 020 | |a 0691058970 | ||
| 035 | |l 10113518 | ||
| 040 | |a GR-MyUA |b gre |e AACR2 | ||
| 041 | 0 | |a eng | |
| 082 | 0 | |a 330.0724 |2 (22) | |
| 245 | 1 | 4 | |a The handbook of experimental economics / |c John H. Kagel and Alvin E. Roth, editors. |
| 260 | |a Princeton, N.J. : |b Princeton University Press, |c c1995. | ||
| 300 | |a xvi, 721 σ. |b εικ. ; |c 24 εκ. | ||
| 504 | |a Βιβλιογραφία: σ.683-703. Ευρετήριο. | ||
| 650 | 0 | 0 | |a Experimental economics. |
| 700 | 1 | |a Kagel, John H. |q (John Henry), |d 1942- |e edt | |
| 700 | 1 | |a Roth, Alvin E., |d 1951- |e edt | |
| 852 | |a INST |b SAMOS |e 20130204 |h 330.0724 HAN |p 005300033467 |q 005300033467 |t BK |y 0 | ||
| 852 | |a INST |b SAMOS |e 20130121 |h 330.0724 HAN |p 005300033556 |q 005300033556 |t BK |y 0 | ||
| 901 | |a BIBL3-2013-1 | ||
| 909 | |a Σ |b 172540 | ||
| 909 | |a Σ |b 177490 | ||
| 920 | |a Κοκολάκης |b Σπύρος |y Σάμος |z 2013-01 | ||
| 922 | |a 3ΕΛΗ | ||
| 922 | |a 3ΕΛΗ |b 201301 |c ΤΜΠΕΣ |d BEST BOOK HUMTERS | ||
| 970 | |a ΚΟΣΙΕΡΗΣ |b ΧΡΗΣΤΟΣ |z 2013/01/21 | ||